LEADER 00839nam a2200217 i 4500 001 000000209460 003 CaOOAMICUS 005 20111217000000.0 008 111217s1973 it u000 u ita u 013 $a188250 040 $aSeMil$bita 245 13$aLe ultime lotte contro l'impero. 300 $aXXIII, 1231 p., [32] c. di tav. 490 0 $aSuperbiblioteca Sansoni 500 $aContiene : Bibliografia. 700 1 $aDavidsohn, Robert.$0(OLS)http://semarc/name/11581 773 0 $aDavidsohn, Robert$tStoria di Firenze.$dFirenze : Sansoni, copyr. 1972-copyr. 1973.$g3$w()26018 830 0$aSuperbiblioteca Sansoni.$0(OLS)http://semarc/title/22765 850 $aSeMil 852 $aSeMil$W1$xVenegono$y1$m3T I 235$j159911$B159911$CSeMilBibl$Z2$F170944 $81 996 $6245$aLe ultime lotte contro l'impero$9(OLS)http://semarc/title/302785 LEADER 01158nam a2200265 4500 001 000000351222 003 CaOOAMICUS 005 20220812142337.0 008 220812s1825 it 000 u ita r 026 $emio- o.l- mio; i,r- (C) 1825 (R) 040 $aSeMil$bita 245 10$aOpuscoli sulla elocuzione e sullo stile ad uso della gioventł. 264 1$aReggio :$bPer Pietro Fiaccadori,$c1825. 300 $a219 [i.e. 217], [3] p. ;$c12° 500 $aLa paginazione comincia p. 14 500 $aContiene: Della elocuzione di Paolo Costa ; Sopra i difetti del moderno predicare ... Valentino Chilesotti ... ; Giudizii del Caro ... [et al.] 500 $aSegn.: 1? 2-9¹² 10/8 [11]/2 700 1 $aFiaccadori, Pietro,$c.$0(OLS)http://semarc/name/11348 752 $ait$dReggio Emilia 850 $aSeMil 852 $aSeMil$W1$xVenegono$y1$m2ZA X 51 FA$j233913$B242294$CSeMilBibl$Z2$F242294 $8I 941 1 $a10 996 $6245$aOpuscoli sulla elocuzione e sullo stile ad uso della gioventł$9(OLS)http://semarc/title/440995 996 $6264$aReggio :$bPer Pietro Fiaccadori$9(OLS)http://semarc/publisher/60567